Statistics for State by State Elimination

Click here to take the quiz!

General Stats

  • This quiz has been taken 65 times
  • The average score is 9 of 22

Answer Stats

HintAnswer% Correct
Named after a U.S presidentWashington
91%
Also the name of a countryGeorgia
84%
Has a majority mormon populationUtah
72%
It's state anthem is "Take Me Home, Country Roads"West Virginia
59%
Became a state in the 20th centuryAlaska
56%
Home to a Disney theme parkFlorida
56%
Named after a location in the United KingdomNew Jersey
56%
One of the 13 original coloniesMassachusetts
53%
Was the home state of one of the last 4 presidentsTexas
44%
It's name appears in the name of another stateKansas
41%
It's main export is transportation equipmentMichigan
38%
Borders a foreign country and the oceanCalifornia
31%
Borders a single Great LakeIllinois
31%
Borders the Mississippi RiverLouisiana
28%
Shares its name with a major riverMissouri
25%
It's capital is also its largest cityMississippi
19%
It's capital is two wordsNew Mexico
16%
Once part of another state, but broke awayMaine
13%
Has a mountain over 10,000 ftMontana
13%
Was formerly part of MexicoNevada
13%
Does not border an ocean or a Great LakeVermont
13%
Part of the Rust BeltWisconsin
13%

Score Distribution

Percentile by Number Answered

Percent of People with Each Score

Your Score History

You have not taken this quiz